00390nam a2200157Ia 45000010006000000050017000060080041000230410008000640820021000721000034000932450055001272600009001823000025001916500008002166540008002241702920260306170355.0260306t2004||||xx |||||||||||||| ||und|| aESP a657.42bS14 V. 2 aSáez Torrecilla, AngeleAUT 0aContabilidad de costes y contabilidad de gestión c2004 a356 páginas :ccm. aGEN aCCO